| 000 | 00000nam 2200000zi 4500 |
| 001 | 9.894370 |
| 003 | CaOODSP |
| 005 | 20241106095541 |
| 006 | m o d f |
| 007 | cr mn||||||||| |
| 008 | 201204t20202020onca ob f000 0 eng d |
| 020 | |a9780660368320 |
| 040 | |aCaOODSP|beng|erda|cCaOODSP |
| 043 | |an-cn--- |
| 086 | 1 |aBT39-54/2020E-PDF |
| 245 | 00|aGuide to the proactive publication of travel and hospitality expenses. |
| 264 | 1|aOttawa, Ontario : |bTreasury Board of Canada Secretariat = Secrétariat du Conseil du trésor du Canada, |c2020. |
| 264 | 4|c©2020 |
| 300 | |a1 online resource (16 unnumbered pages) : |bcolour illustrations |
| 336 | |atext|btxt|2rdacontent |
| 337 | |acomputer|bc|2rdamedia |
| 338 | |aonline resource|bcr|2rdacarrier |
| 500 | |aIssued also in French under title: Guide de publication proactive des frais de voyage et d'accueil. |
| 500 | |a"Published: 2020-08-01." |
| 500 | |aIssued also in HTML format. |
| 504 | |aIncludes bibliographical references. |
| 650 | 0|aGovernment travel|zCanada|xCosts. |
| 650 | 0|aHospitality|zCanada|xCosts. |
| 650 | 0|aTransparency (Ethics) in government|zCanada. |
| 710 | 1 |aCanada. |bTreasury Board, |eissuing body. |
| 775 | 08|tGuide de publication proactive des frais de voyage et d'accueil.|w(CaOODSP)9.894371 |
| 856 | 40|qPDF|s334 KB|uhttps://publications.gc.ca/collections/collection_2021/sct-tbs/BT39-54-2020-eng.pdf |
| 856 | 4 |qHTML|sN/A|uhttps://www.tbs-sct.gc.ca/pol/doc-eng.aspx?id=32660 |